Score 0/49 Timer 00:30
15 Plays Today
% Correct
United Arab Emirates
99.6%
Turkmenistan
99.5%
Uzbekistan
98.9%
Singapore
98.7%
Tajikistan
98.7%
Sri Lanka
98.6%
Palestine
98.5%
Azerbaijan
98.4%
Pakistan
98.3%
Afghanistan
98.3%
Saudi Arabia
98.2%
China
98.1%
Mongolia
98.1%
Indonesia
98%
Russia
97.6%
Armenia
97.6%
Vietnam
97.4%
Thailand
97.4%
South Korea
97.3%
Bahrain
97.2%
Iran
96.3%
Taiwan
95.7%
India
95.5%
Philippines
94.2%
North Korea
94%
% Correct
Israel
93.9%
Kazakhstan
92.9%
Kyrgyzstan
92.8%
Maldives
92.5%
Bangladesh
92.4%
Malaysia
92.1%
Cambodia
91.7%
Syria
91.2%
Timor-Leste
90.7%
Jordan
90%
Brunei
89.9%
Japan
89.8%
Turkey
89.6%
Oman
89.6%
Lebanon
89.4%
Bhutan
89%
Nepal
88.6%
Georgia
83.4%
Kuwait
83.1%
Iraq
82.7%
Myanmar
82.6%
Yemen
78.4%
Laos
72.2%
Qatar
54%
Remove Ads.
Support Sporcle.
Get the best of Sporcle when you Go Orange. This ad-free experience offers more features, more stats, and more fun while also helping to support Sporcle. Thank you for becoming a member.

You're not logged in!

Compare scores with friends on all Sporcle quizzes.
OR
Log In

Show Comments

Extras

Top Quizzes Today


Score Distribution

Your Account Isn't Verified!

In order to create a playlist on Sporcle, you need to verify the email address you used during registration. Go to your Sporcle Settings to finish the process.

Report this User

Report this user for behavior that violates our Community Guidelines.

Details: